| 000 | 00460nam a2200157 i 4500 | ||
|---|---|---|---|
| 001 | 56737 | ||
| 003 | ES-MaACL | ||
| 005 | 20230906163432.0 | ||
| 007 | t| | ||
| 008 | 031013s1963 sp ||||1| spa d | ||
| 110 | 1 |
_aÁlava. _bConsejo de Cultura. _91309 |
|
| 245 | 1 | 0 |
_aConmemoración de las Juntas Generales / _cDiputación Foral de Alava. |
| 260 |
_aVitoria : _b[s.n., _c1963] |
||
| 300 |
_a19 h., 4 lám. ; _c28 cm. |
||
| 852 |
_aES-MaACL _j2039-F-8 _bR.53313 |
||
| 999 |
_c56737 _d56737 |
||